00630nam a2200229 a 450000100060000000300080000600500170001400800410003103500190007203500120009104000260010304100080012908200280013710000240016524500580018925000180024726000320026530000210029760000240031865000270034270000310036976618BD-RjUL20211209082851.0191226s1961 enk 00000 eng d a(BD-RjUL)76842 a1039136 aANLbengdSLcBD-RjUL aeng 223a364.97471bDAD 19611 aDanforth, Harold R.14aThe D.A.'s man /cHarold R. Danforth, James D. Horan. aAce Books ed. aLondon :bAce Books, c1961 a348 p. ;c18 cm.10aDanforth, Harold R. 0aCrimezNew York (N.Y.)1 aHoran, James David,d1914-